000
00333nam a2200121Ia 4500
008
171211s9999 xx 000 0 und d
020
_a
9789814670807
100
_a
VanPutte, Cinnamon
245
_a
Seeley's Essentials of Anatomy & Physiology
250
_a
9th Edition
260
_b
McGraw-Hill Education
_c
2016
300
_a
586 pages
999
_c
350902
_d
350902